IPL Teams- Sudden Death - Statistics

General Stats
  • This quiz has been taken 47 times
  • The average score is 12 of 15
Answers on the Grid
Answers color-coded by a green-red scale on the quiz's grid according to % correct below.
Royal Challengers B
B Hawks
S Sixers
C Super Kings
K Tuskers
Rising P Supergiants
P Royals
R Royals
B Phoneix
L Spirit
Sun Risers H
H Hurricanes
T Knight Riders
D Capitals
D Super Giants
P Capitals
M Indians
G Lions
G Titans
J Super Kings
Sun Risers EC
K Knight Riders
D Chargers
P Panthers
SL Kings
D Daredevils
S Thunder
G Amazon warriors
L Super Giants
Kings XI P
 
Answer Stats
Answer % Correct
L Super Giants
93%
M Indians
93%
R Royals
93%
K Knight Riders
89%
Sun Risers H
89%
D Capitals
85%
Kings XI P
85%
C Super Kings
81%
D Chargers
81%
G Lions
81%
G Titans
81%
Royal Challengers B
81%
D Daredevils
74%
K Tuskers
59%
Rising P Supergiants
56%
No matching quizzes found
Score Distribution
Percent of People with Each Score
Percentile by Number Answered
Your Score History
You have not taken this quiz